The political economy of poverty, equity, and growth : (Record no. 18162)
[ view plain ]
| 000 -LEADER | |
|---|---|
| fixed length control field | 01159 am a22003138a 4500 |
| 001 - CONTROL NUMBER | |
| control field | 009698096 |
| 003 - CONTROL NUMBER IDENTIFIER | |
| control field | OSt |
| 005 - DATE AND TIME OF LATEST TRANSACTION | |
| control field | 20140324111450.0 |
| 008 - FIXED-LENGTH DATA ELEMENTS--GENERAL INFORMATION | |
| fixed length control field | 980401r19962004xxkad fr2b 001 0 eng d |
| 020 ## - INTERNATIONAL STANDARD BOOK NUMBER | |
| International Standard Book Number | 0198294328 (pbk) |
| 020 ## - INTERNATIONAL STANDARD BOOK NUMBER | |
| International Standard Book Number | 9780198294320 |
| 040 ## - CATALOGING SOURCE | |
| Original cataloging agency | StDuBDS |
| Modifying agency | Uk |
| 082 04 - DEWEY DECIMAL CLASSIFICATION NUMBER | |
| Classification number | 330.917240825 |
| Edition number | 22 |
| Item number | LAL |
| 100 1# - MAIN ENTRY--PERSONAL NAME | |
| Personal name | Lal, Deepak |
| 9 (RLIN) | 35762 |
| 245 14 - TITLE STATEMENT | |
| Title | The political economy of poverty, equity, and growth : |
| Remainder of title | a comparative study / |
| Statement of responsibility, etc | Deepak Lal and H. Myint. |
| 250 ## - EDITION STATEMENT | |
| Edition statement | Reprinted ed. |
| 260 ## - PUBLICATION, DISTRIBUTION, ETC. (IMPRINT) | |
| Place of publication, distribution, etc | Oxford, United Kingdom : |
| Name of publisher, distributor, etc | Clarendon Press, |
| Date of publication, distribution, etc | c.1996. |
| Place of manufacture | (Eastbourne, United Kingdom : |
| Manufacturer | Antony Rowe Ltd.) |
| 300 ## - PHYSICAL DESCRIPTION | |
| Extent | xviii, 458 p. : |
| Other physical details | charts, tables ; |
| Dimensions | 24 cm. |
| 500 ## - GENERAL NOTE | |
| General note | Reprint of the 1996 ed. |
| 500 ## - GENERAL NOTE | |
| General note | Includes indexes. |
| 504 ## - BIBLIOGRAPHY, ETC. NOTE | |
| Bibliography, etc | Bibliography : p. 410-436. |
| 650 #0 - SUBJECT ADDED ENTRY--TOPICAL TERM | |
| Topical term or geographic name as entry element | Poverty |
| Geographic subdivision | Developing countries |
| General subdivision | History |
| Chronological subdivision | 20th century |
| 9 (RLIN) | 35763 |
| 651 #0 - SUBJECT ADDED ENTRY--GEOGRAPHIC NAME | |
| Geographic name | Developing countries |
| General subdivision | Social conditions |
| Chronological subdivision | 20th century |
| 9 (RLIN) | 35766 |
| 651 #0 - SUBJECT ADDED ENTRY--GEOGRAPHIC NAME | |
| Geographic name | Developing countries |
| General subdivision | Social conditions |
| Chronological subdivision | 20th century |
| 9 (RLIN) | 35766 |
| 653 ## - INDEX TERM--UNCONTROLLED | |
| Resource For college | BAEPS, Economics |
| Arrived date list | March2014 |
| 655 ## - INDEX TERM--GENRE/FORM | |
| Form subdivision | |
| -- | 34232 |
| 700 0# - ADDED ENTRY--PERSONAL NAME | |
| Personal name | Hla Myint, |
| Titles and other words associated with a name | U |
| 9 (RLIN) | 35767 |
| 942 ## - ADDED ENTRY ELEMENTS (KOHA) | |
| Source of classification or shelving scheme | Dewey Decimal Classification |
| Call number prefix | 330.917240825 LAL |
| Withdrawn status | Item status | Source of classification or shelving scheme | Damaged status | Not for loan | Vendor | Home library | Current library | Shelving location | Date acquired | Source of acquisition | Cost, normal purchase price | Total Checkouts | Total Renewals | Full call number | Barcode | Date last seen | Date last borrowed | Cost, replacement price | Koha item type |
|---|---|---|---|---|---|---|---|---|---|---|---|---|---|---|---|---|---|---|---|
| Dewey Decimal Classification | Baccah | Central Library | Central Library | First floor | 24/03/2014 | 420.00 | 2 | 7 | 330.917240825 LAL | 000035794 | 15/07/2025 | 07/03/2017 | 525.00 | Book - Borrowing |